01532nam a2200265 a 4500003000900000005001700009007000300026008004100029040002500070082001500095100002200110245022900132260004000361300003800401500005800439504003000497505041300527650005600940650005000996650005501046650004701101700001901148700002001167710007901187DO-SdBNP20240318114956.0ta220506e1983 dr ad||fr|||| 001 0 spa d aDO-SdBNPbspacBNPHU 4222bR1731p1 aRamírez, Nelson10aPoblación y mano de obra en la República Dominicana : bperspectivas de la fuerza de trabajo y del empleo-desempleo en el período 1980-1990 /cNelson Ramírez, Antonio Tatis, Diana Germán; Editor, Denis Mota alvarez aSanto Domingo :bPROFAMILIA, c1983 ax, 104 p. :bil., gráf.c28 cm. aIncluye bibliografía y notas al pié de páginas. aBibliografía: p. 35- 360 aIntroducción.--tI. Descripción de las principales características de la fuerza de trabajo en el período 1960 - 1980.--tII. Proyección de la oferta de mano de obra, 1980 - 1990.-- tIII. Proyección de la demanda de mano de obra, 1980- 1990.--tIV. Conclusión: implicaciones de los requerimientos y disponibilidades proyectados de mano de obra.--tBibliografía.--tAnexo. Tablas y Gráficos. 4aRepública DominicanaxProyección de población 4aCrecimiento de EmpleozRepública Dominicana 4aMano de ObraxProyeccioneszRepública Dominicana 4aOferta y demandavMano de obray1980- 19901 aTatis, Antonio1 aGermán, Diana2 aInstituto de Estudios de Población y Desarrollo (República Dominicana)